000 00854nam a2200253Ia 4500
003 GCL
005 20240530105847.0
008 140319s9999 xx 000 0 ara d
040 _aGCL /
_cGCL
082 0 4 _a915
_bج ج
100 1 _aجودة حسنين جودة
245 1 0 _aجغرافية اوراسيا الاقليمية /
_cجودة حسنين جودة
260 _aالقاهرة :
_bدار المعرفة الجامعية ،
_c1995
300 _a594 ص ؛
_c24سم
650 0 4 _aاوراسيا
650 0 4 _aالجغرافيا الطبيعية
650 0 4 _aاوربا
650 0 4 _aالجغرافيا الاقليمية
650 0 4 _aاوربا - السكان
650 0 4 _aاسيا - الجغرافيا الاقليمية
650 0 4 _aاوربا - المناخ
700 1 _aمحمد خميس الزوكة
942 _2ddc
_cBK
999 _c57419
_d57419